National Geographic United States atlas for young explorers. (Record no. 1427)
[ view plain ]
| 000 -LEADER | |
|---|---|
| fixed length control field | 01311cem a22003974a 4500 |
| 005 - DATE AND TIME OF LATEST TRANSACTION | |
| control field | 20260322212059.0 |
| 007 - PHYSICAL DESCRIPTION FIXED FIELD--GENERAL INFORMATION | |
| fixed length control field | data |
| 008 - FIXED-LENGTH DATA ELEMENTS--GENERAL INFORMATION | |
| fixed length control field | data |
| 010 ## - LIBRARY OF CONGRESS CONTROL NUMBER | |
| LC control number | 2009580230 |
| 015 ## - NATIONAL BIBLIOGRAPHY NUMBER | |
| National bibliography number | GBA859729 |
| Source | bnb |
| 016 7# - NATIONAL BIBLIOGRAPHIC AGENCY CONTROL NUMBER | |
| Record control number | 014596472 |
| Source | Uk |
| 020 ## - INTERNATIONAL STANDARD BOOK NUMBER | |
| International Standard Book Number | 9781426302558 |
| 020 ## - INTERNATIONAL STANDARD BOOK NUMBER | |
| International Standard Book Number | 142630255X |
| 034 0# - CODED CARTOGRAPHIC MATHEMATICAL DATA | |
| Category of scale | a |
| 040 ## - CATALOGING SOURCE | |
| Original cataloging agency | IHV |
| Transcribing agency | IHV |
| Modifying agency | DLC |
| -- | UPZ |
| -- | JN6 |
| -- | UKM |
| -- | ZS3 |
| -- | BAKER |
| -- | BTCTA |
| -- | VP@ |
| -- | DLC |
| 042 ## - AUTHENTICATION CODE | |
| Authentication code | lccopycat |
| 043 ## - GEOGRAPHIC AREA CODE | |
| Geographic area code | n-us--- |
| 050 00 - LIBRARY OF CONGRESS CALL NUMBER | |
| Classification number | G1200 |
| Item number | .N355 2008 |
| 052 ## - GEOGRAPHIC CLASSIFICATION | |
| Geographic classification area code | 3700 |
| 082 04 - DEWEY DECIMAL CLASSIFICATION NUMBER | |
| Classification number | 912.73 |
| Edition information | 22 |
| 092 ## - LOCALLY ASSIGNED DEWEY CALL NUMBER (OCLC) | |
| Classification number | 912.73 Nat 2008 |
| 001 - CONTROL NUMBER | |
| control field | data |
| 110 2# - MAIN ENTRY--CORPORATE NAME | |
| Corporate name or jurisdiction name as entry element | National Geographic Society (U.S.) |
| 245 10 - TITLE STATEMENT | |
| Title | National Geographic United States atlas for young explorers. |
| Statement of responsibility, etc. | National Geographic Society (U.S.). |
| 246 30 - VARYING FORM OF TITLE | |
| Title proper/short title | United States atlas for young explorers |
| 250 ## - EDITION STATEMENT | |
| Edition statement | 3rd ed. |
| 255 ## - CARTOGRAPHIC MATHEMATICAL DATA | |
| Statement of scale | Scales differ. |
| 260 ## - PUBLICATION, DISTRIBUTION, ETC. | |
| Place of publication, distribution, etc. | Washington, D.C. : |
| Name of publisher, distributor, etc. | National Geographic, |
| Date of publication, distribution, etc. | c2008. |
| 300 ## - PHYSICAL DESCRIPTION | |
| Extent | 1 atlas (175 p.) : |
| Other physical details | col. ill., col. maps ; |
| Dimensions | 35 cm. |
| 500 ## - GENERAL NOTE | |
| General note | Previous ed.: 2004. |
| 500 ## - GENERAL NOTE | |
| General note | Includes index. |
| 520 ## - SUMMARY, ETC. | |
| Summary, etc. | Presents world, regional, and thematic maps as well as photographic essays on each continent. |
| 650 #0 - SUBJECT ADDED ENTRY--TOPICAL TERM | |
| Topical term or geographic name entry element | Children's atlases. |
| 651 #0 - SUBJECT ADDED ENTRY--GEOGRAPHIC NAME | |
| Geographic name | United States |
| Form subdivision | Maps for children. |
| 856 42 - ELECTRONIC LOCATION AND ACCESS | |
| Materials specified | Publisher description |
| Uniform Resource Identifier | <a href="http://www.loc.gov/catdir/enhancements/fy0913/2009580230-d.html">http://www.loc.gov/catdir/enhancements/fy0913/2009580230-d.html</a> |
| Withdrawn status | Lost status | Damaged status | Not for loan | Home library | Current library | Shelving location | Date acquired | Total checkouts | Full call number | Barcode | Date last seen | Price effective from | Koha item type |
|---|---|---|---|---|---|---|---|---|---|---|---|---|---|
| Troy | Troy | General stacks | 22/03/2026 | 912.73 22 | BC0011474 | 22/03/2026 | 22/03/2026 | Books |